Problems of vocational guidance. (Record no. 36182)
[ view plain ]
| 000 -LEADER | |
|---|---|
| fixed length control field | 00812cam a22002651 4500 |
| 001 - CONTROL NUMBER | |
| control field | l 36000039 |
| 003 - CONTROL NUMBER IDENTIFIER | |
| control field | DLC |
| 005 - DATE AND TIME OF LATEST TRANSACTION | |
| control field | 20260227111535.0 |
| 008 - FIXED-LENGTH DATA ELEMENTS--GENERAL INFORMATION | |
| fixed length control field | 790813s1935 sz k 000 0 engx |
| 010 ## - LIBRARY OF CONGRESS CONTROL NUMBER | |
| LC control number | l 36000039 |
| 035 ## - SYSTEM CONTROL NUMBER | |
| System control number | (OCoLC)5267270 |
| 040 ## - CATALOGING SOURCE | |
| Original cataloging agency | DLC |
| Transcribing agency | ArU |
| Modifying agency | DLC |
| 042 ## - AUTHENTICATION CODE | |
| Authentication code | premarc |
| 050 00 - LIBRARY OF CONGRESS CALL NUMBER | |
| Classification number | HD4813 |
| Item number | .I4 ser. J, no. 4 |
| 051 ## - LIBRARY OF CONGRESS COPY, ISSUE, OFFPRINT STATEMENT | |
| Classification number | L10 |
| Item number | .I85 no. 4 |
| 110 2# - MAIN ENTRY--CORPORATE NAME | |
| Corporate name or jurisdiction name as entry element | International Labour Office. |
| Subordinate unit | Geneva. |
| 245 10 - TITLE STATEMENT | |
| Title | Problems of vocational guidance. |
| 260 ## - PUBLICATION, DISTRIBUTION, ETC. | |
| Place of publication, distribution, etc. | Geneva, |
| Date of publication, distribution, etc. | 1935. |
| 300 ## - PHYSICAL DESCRIPTION | |
| Extent | iv, 183 p. |
| Other physical details | incl. diagrs., forms. |
| Dimensions | 24 cm. |
| 490 0# - SERIES STATEMENT | |
| Series statement | Studies and reports, series J (Education) |
| Volume/sequential designation | no. 4 |
| 504 ## - BIBLIOGRAPHY, ETC. NOTE | |
| Bibliography, etc. note | Appendix x (bibliography): p. 174-183. |
| 500 ## - GENERAL NOTE | |
| General note | At head of title: International Labour Office. |
| 650 #0 - SUBJECT ADDED ENTRY--TOPICAL TERM | |
| Topical term or geographic name entry element | Vocational guidance. |
| 650 #0 - SUBJECT ADDED ENTRY--TOPICAL TERM | |
| Topical term or geographic name entry element | Ability |
| General subdivision | Testing. |
No items available.